000 00275nam a22001217a 4500
008 230504b |||||||| |||| 00| 0 eng d
100 _aJ. D. Jain
245 _aIndian Easements Act
260 _aHaryana
_bALA
_c2005
300 _a200
546 _aEnglish
942 _2ddc
_cBK
999 _c19996
_d19996